000 00861nam a2200229Ia 4500
001 15428
003 GE_BSU
008 181216s||||||||xx |||||||||||||| ||und||
040 _cGE_BSU
080 _a821.353.1-1+821.353.1-11
100 _aჩიქოვანი,სიმონ
245 _aთხზულებანი 4 ტომად. ტ.2
245 _bლექსები და პოემები
245 _cსარედ.კოლ.ვ.მარგველაშვილი. გ.ასათიანი. ა. სულაკაური. და სხვ. მხატვ. ს. კეცხოველი
260 _aთბილისი
260 _bმერანი
260 _c1980
300 _a423გვ.20სმ.
653 _aთხზულებანი
653 _aწერილები
942 _cBK
999 _c48531
_d48531